[Event "AUTO-INT-3869"]
[Site "http://www.queenalice.com/game.php?id=1832750"]
[Date "2024.3.4"]
[Round "1"]
[White "game"]
[Black "Rocio"]
[Result "1-0"]
[WhiteElo "1583"]
[BlackElo "1470"]

1. e4 e5 2. Nf3 d6 3. Bc4 h6 4. d4 d5 5. exd5 e4 6. Ne5 f6 7. Qh5+ Ke7 8. Ng6+
Kd7 9. Nxh8 e3 10. Qf7+ Be7 11. Qxg7 c5 12. Nf7 Qa5+ 13. Nc3 Kc7 14. Bxe3 Nd7
15. Bf4+ Bd6 16. Bxd6+ Kb6 17. dxc5+ Nxc5 18. Qxg8 Nd7 19. Qd8# 1-0

[Event "AUTO-INT-3869"]
[Site "http://www.queenalice.com/game.php?id=1832751"]
[Date "2024.3.4"]
[Round "1"]
[White "Rocio"]
[Black "jenyasm"]
[Result "0-1"]
[WhiteElo "1427"]
[BlackElo "1696"]

1. e4 e5 2. h3 d6 3. a3 Nf6 4. Bb5+ Bd7 5. Bd3 a6 6. Nf3 Bc6 7. Nc3 Nbd7 8. Be2
Nxe4 9. d3 Nxc3 10. bxc3 Nb6 11. Ng5 h6 12. Nf3 Nd5 13. Bb2 Qf6 14. Qd2 Nf4 15.
Rg1 Bxf3 16. Bxf3 O-O-O 17. c4 Kb8 18. O-O-O Be7 19. Qb4 d5 20. c5 c6 21. Rge1
Ng6 22. d4 e4 23. Be2 Qxf2 24. Bxa6 Rd7 25. Rf1 Qxg2 26. Bc3 Bg5+ 27. Kb2 Qxh3
28. a4 e3 29. Rde1 Bh4 30. Rh1 Qe6 31. Qb3 Bxe1 32. Rxe1 h5 33. a5 h4 34. Bf1 h3
35. Re2 Nf4 36. a6 Ka8 37. Re1 e2 38. Ba5 exf1=Q 39. Rxf1 g5 40. Bb6 bxa6 41.
Ra1 Kb7 42. Ba5+ Kc8 43. Qb6 Rb7 44. Qxb7+ Kxb7 45. Ka2 h2 46. Rb1+ Ka7 47. Bb6+
Ka8 48. Rb4 h1=Q 49. Ra4 Kb7 50. Rb4 Qc1 51. Ba5+ Kc8 52. Rb6 Qxc2+ 53. Rb2
Qxb2+ 54. Kxb2 Qe3 55. Bc3 Ne2 56. Bb4 Rh3 57. Kc2 Qb3+ 58. Kd2 Qb2+ 59. Ke1 Nc3
60. Bxc3 Rxc3 61. Kd1 Rc1# 0-1

[Event "AUTO-INT-3869"]
[Site "http://www.queenalice.com/game.php?id=1832752"]
[Date "2024.3.4"]
[Round "1"]
[White "jenyasm"]
[Black "Rocio"]
[Result "1-0"]
[WhiteElo "1659"]
[BlackElo "1440"]

1. e4 e5 2. Nf3 d6 3. Bc4 h6 4. h3 a6 5. a4 Nc6 6. c3 Na5 7. Bd5 Nf6 8. Bb3 Be7
9. O-O Nxe4 10. Re1 b5 11. Rxe4 d5 12. Rxe5 O-O 13. Rxd5 Bd7 14. Ne5 bxa4 15.
Nxd7 Re8 16. Bxa4 c6 17. Rxa5 Qxd7 18. d4 Bh4 19. Rc5 Bd8 20. Bxc6 Qc8 21. Bxe8
Qe6 22. Bc6 Be7 23. Bxa8 Qg6 24. Qg4 Qd6 25. Be4 a5 26. Rcxa5 Bd8 27. Ra8 Kf8
28. Bf4 Qe7 29. Nd2 g6 30. R1a6 h5 31. Qf3 Kg7 32. Be5+ f6 33. Bxf6+ Qxf6 34.
Qxf6+ Bxf6 35. R8a7+ Kh6 36. Rxf6 Kg5 37. Raa6 Kh6 38. Rxg6+ Kh7 39. Ra7+ Kh8
40. Rb6 Kg8 41. Rb8# 1-0

[Event "AUTO-INT-3869"]
[Site "http://www.queenalice.com/game.php?id=1832753"]
[Date "2024.3.4"]
[Round "1"]
[White "Rocio"]
[Black "Carlos19"]
[Result "0-1"]
[WhiteElo "1420"]
[BlackElo "1611"]

1. e4 e5 2. Bc4 Nf6 3. h3 Nxe4 4. f3 Nd6 5. Bd5 c6 6. Bb3 f5 7. Ne2 e4 8. fxe4
Nxe4 9. Rf1 d5 10. Nd4 Qh4+ 11. Ke2 Ng3+ 12. Kd3 Qe4+ 13. Kc3 Nxf1 14. d3 Qxg2
15. Ba4 a5 16. Qe1+ Be7 17. h4 b5 18. Bg5 O-O 19. Bxe7 Re8 20. h5 bxa4 21. Qh4
Ne3 22. Nd2 Qg4 23. Qe1 Rxe7 24. b3 axb3 25. axb3 Qxh5 26. Nf1 f4 27. Ra4 Re8
28. b4 Nd1+ 29. Qxd1 Qxd1 30. Nd2 Ba6 31. bxa5 Re3 32. Nf5 Re2 33. Nb3 Qxc2+ 34.
Kd4 Qxd3+ 35. Kc5 Qb5+ 36. Kd6 Qxa4 37. Nc5 Qxa5 38. Nd4 Rh2 39. Nde6 f3 40. Nf4
Qd8+ 41. Ke6 Qf6# 0-1

[Event "AUTO-INT-3869"]
[Site "http://www.queenalice.com/game.php?id=1832754"]
[Date "2024.3.4"]
[Round "1"]
[White "Carlos19"]
[Black "Rocio"]
[Result "1-0"]
[WhiteElo "1603"]
[BlackElo "1408"]

1. e4 e5 2. Bc4 Qe7 3. b3 a6 4. a4 Nc6 5. Nf3 d6 6. d3 Nf6 7. Ng5 h6 8. Nf3 Nb4
9. Nc3 Bd7 10. Nd5 Nbxd5 11. exd5 Bf5 12. Nh4 Bd7 13. h3 g5 14. Nf3 Nh5 15. g4
Nf4 16. d4 exd4+ 17. Be2 Ng2+ 18. Kf1 Nf4 19. Bxf4 gxf4 20. Qxd4 Rg8 21. c4
O-O-O 22. Qa7 Be6 23. dxe6 Qxe6 24. Qa8+ Kd7 25. Qxb7 Be7 26. Qxa6 Ra8 27. Qb5+
Kd8 28. Nd4 Qe4 29. Qd5 Qg6 30. Qxa8+ Kd7 31. Qc6+ Kc8 32. a5 Qf6 33. Qe4 Kd8
34. Qa8+ Kd7 35. Qxg8 Qxd4 36. Rd1 Qe5 37. Qxf7 Qxa5 38. Qxf4 Qc5 39. Qxh6 Kc6
40. Qg7 Bh4 41. Bf3+ Kb6 42. Qd4 c6 43. Qxc5+ Kxc5 44. Rg1 Kb4 45. Rxd6 c5 46.
Rb6+ Kc3 47. g5 Kd3 48. g6 Kd4 49. Rg4+ Ke5 50. g7 Bd8 51. Rb7 Bf6 52. g8=Q Kd6
53. Qd5# 1-0

[Event "Let's Play 737"]
[Site "http://www.queenalice.com/game.php?id=1832855"]
[Date "2024.3.9"]
[Round "-"]
[White "digger"]
[Black "Rocio"]
[Result "0-1"]
[WhiteElo "1699"]
[BlackElo "1400"]

1. Nc3 e5 2. e4 Bc5 3. Qf3 Nh6 4. Bc4 a6 5. d3 Nc6 6. a3 d6 7. Bxh6 f6 8. Bxg7
Rg8 9. Bh6 Nd4 10. Qd1 Rxg2 11. Be3 Bg4 12. Qd2 Rxg1+ 13. Rxg1 Nf3+ 14. Kf1
Nxd2+ 15. Bxd2 Bh3+ 16. Ke1 f5 17. Bg5 Qd7 18. Rg3 f4 19. Rg1 d5 20. exd5 h6 21.
Bxh6 O-O-O 22. a4 Bd4 23. Nd1 e4 24. dxe4 f3 25. c3 Be5 26. Bg5 Rg8 27. Ne3 Bxh2
28. Rh1 Be5 29. Bh4 Bf4 30. Kd2 Rh8 31. Bf6 Rh6 32. Bd4 Rh7 33. Kd3 Qe7 34. Nd1
Bf5 35. Kc2 Qxe4+ 36. Kb3 Qc2+ 37. Ka2 Qxa4# 0-1

[Event "Let's Play 643"]
[Site "http://www.queenalice.com/game.php?id=1833384"]
[Date "2024.3.14"]
[Round "-"]
[White "Rocio"]
[Black "digger"]
[Result "0-1"]
[WhiteElo "1458"]
[BlackElo "1594"]

1. e4 e5 2. Nf3 Nc6 3. a3 Bc5 4. b4 Be7 5. h3 d6 6. Bb5 Bd7 7. d3 Nd4 8. Nxd4
exd4 9. O-O Bxb5 10. Qg4 g6 11. Nd2 Nf6 12. Qg5 a6 13. Qf4 Nh5 14. Qf3 Bc6 15.
Nc4 O-O 16. Bb2 Bf6 17. Rae1 Re8 18. e5 dxe5 19. c3 Bxf3 20. gxf3 Nf4 21. Bc1
Nxd3 22. Re4 Bg7 23. Bd2 Qd5 24. Na5 b6 25. c4 Qd7 26. Bg5 f6 27. Bd2 bxa5 28.
bxa5 Nc5 29. Rg4 f5 30. Rg5 Bh6 31. h4 Bxg5 32. Bxg5 f4 33. Re1 Kg7 34. Kg2 h6
35. Bxh6+ Kxh6 36. Rh1 Qc6 37. Rh3 d3 38. Rh1 Kh5 39. Kh3 d2 40. Rd1 Qxf3+ 41.
Kh2 Qxd1 42. Kg2 Qg4+ 43. Kf1 d1=R# 0-1

[Event "Let's Play 644"]
[Site "http://www.queenalice.com/game.php?id=1833385"]
[Date "2024.3.14"]
[Round "-"]
[White "digger"]
[Black "Rocio"]
[Result "0-1"]
[WhiteElo "1631"]
[BlackElo "1422"]

1. Nf3 e6 2. e4 h6 3. d4 Nf6 4. e5 Ne4 5. Bd3 Ng5 6. Nxg5 Qe7 7. Nf3 d5 8. O-O
Qd7 9. Qe2 Nc6 10. c3 b6 11. b4 Bb7 12. a4 Be7 13. b5 Na5 14. Bc2 O-O-O 15. Ba3
g5 16. Bxe7 Qxe7 17. Nfd2 h5 18. Qf3 g4 19. Qg3 Qg5 20. f3 h4 21. Qxg4 Qe7 22.
Qf4 h3 23. g3 a6 24. Re1 axb5 25. axb5 Rhg8 26. Nf1 Nc4 27. Bb3 Nb2 28. Qd2 Nc4
29. Bxc4 dxc4 30. Re3 Rg5 31. f4 Rg4 32. Qe2 Rdg8 33. Nbd2 Qd7 34. Qxc4 f6 35.
Nb3 fxe5 36. dxe5 Rxf4 37. Qxf4 Qxb5 38. Nd4 Qb2 39. Rae1 Qg2# 0-1

[Event "AUTO-INT-3872"]
[Site "http://www.queenalice.com/game.php?id=1833965"]
[Date "2024.3.22"]
[Round "1"]
[White "tche_elvio"]
[Black "Rocio"]
[Result "1/2-1/2"]
[WhiteElo "1518"]
[BlackElo "1417"]

1. e4 e5 2. Nf3 d6 3. Be2 h6 4. h3 Be6 5. O-O Bxh3 6. d4 Nc6 7. dxe5 a6 8. Re1
Qe7 9. g3 Nxe5 10. Nxe5 Qxe5 11. Bd3 Nf6 12. f4 Qd4+ 13. Kh2 Bg4 14. Qd2 Be7 15.
Bb5+ axb5 16. c3 Qc4 17. e5 dxe5 18. Rxe5 Qf1 19. Qe1 Qh3+ 20. Kg1 O-O 21. Rxe7
Bf3 22. Qf2 Qg4 23. Be3 Nd5 24. Nd2 Nxe7 25. Qxf3 Qg6 26. f5 Nxf5 27. Ne4 Rfe8
28. Bf4 Ra6 29. Nc5 Ra5 30. Nxb7 Ra7 31. Bxc7 Nh4 32. Qf2 Rxb7 33. Bf4 Re4 34.
Qc2 Nf3+ 35. Kf2 Nh2 36. Rd1 Qg4 37. Qxe4 Qxd1 38. Qxb7 Qf1+ 39. Ke3 Ng4+ 40.
Kd4 Qd1+ 41. Kc5 Nf6 42. Qc8+ Kh7 43. Qf5+ Kg8 44. Qc8+ Kh7 45. Qf5+ Kg8 46.
Qc8+ Kh7 1/2-1/2

[Event "AUTO-INT-3872"]
[Site "http://www.queenalice.com/game.php?id=1833966"]
[Date "2024.3.22"]
[Round "1"]
[White "Rocio"]
[Black "tche_elvio"]
[Result "0-1"]
[WhiteElo "1413"]
[BlackElo "1510"]

1. e4 e5 2. h3 a6 3. Nf3 d6 4. d3 h6 5. a3 Be7 6. Nc3 Nf6 7. Be2 O-O 8. Bxh6 Re8
9. Qd2 g6 10. Nh4 Nh7 11. Nxg6 Bg5 12. f4 Bxf4 13. Nxf4 Ng5 14. Nh5 f6 15. h4 f5
16. hxg5 f4 17. Nd5 Be6 18. Ndf6+ Kf7 19. d4 Rh8 20. Bg7 Nd7 21. Nxd7 Qxd7 22.
g3 Bg4 23. dxe5 Rxh5 24. Rxh5 Bxh5 25. Bxh5+ Kxg7 26. gxf4 Rd8 27. f5 dxe5 28.
f6+ Kf8 29. O-O-O Qxd2+ 30. Kb1 Qxd1+ 31. Bxd1 Rxd1+ 32. Ka2 Rg1 33. c4 Rxg5 34.
Kb3 Rg4 35. Kb4 Rxe4 36. b3 b6 37. a4 Kf7 38. a5 Kxf6 39. axb6 cxb6 40. Kc3 Kf5
41. Kd3 Kf4 42. b4 Rd4+ 43. Kc3 Ke3 44. c5 bxc5 45. Kb3 Rxb4+ 46. Kc3 a5 47. Kc2
a4 48. Kc3 a3 49. Kc2 a2 50. Kc3 a1=Q+ 51. Kc2 Qb1+ 52. Kc3 Qd3# 0-1

[Event "AUTO-INT-3872"]
[Site "http://www.queenalice.com/game.php?id=1833977"]
[Date "2024.3.22"]
[Round "1"]
[White "SGF"]
[Black "Rocio"]
[Result "1-0"]
[WhiteElo "1757"]
[BlackElo "1439"]

1. e4 e5 2. Qf3 Nh6 3. d3 Bc5 4. Be2 d6 5. c3 Be6 6. b4 Bb6 7. a4 a5 8. b5 Bb3
9. Bxh6 gxh6 10. Nd2 Bc2 11. Ra2 Bxd3 12. Bxd3 Nd7 13. Bc4 Qe7 14. h4 O-O-O 15.
Ne2 Nc5 16. Nb3 Nxb3 17. Bxb3 Kb8 18. Qxf7 Qxf7 19. Bxf7 Rhf8 20. Be6 Bxf2+ 21.
Kd2 Rde8 22. Bd5 Bb6 23. Kd3 Rf2 24. h5 Rxg2 25. Rg1 Rh2 26. Bf7 Rh3+ 27. Rg3
Rf8 28. Rxh3 Rxf7 29. Ng3 Rf3+ 30. Ke2 Re3+ 31. Kd2 Rf3 32. Kc2 Be3 33. Kb3 Bf4
34. Rg2 c5 35. Nf5 Rxh3 36. b6 Kc8 37. Nxd6+ Kd7 38. Nxb7 Kc6 39. Nxa5+ Kxb6 40.
Nc4+ Kc6 41. a5 Rd3 42. Rg7 Rd8 43. a6 Rb8+ 44. Kc2 Kb5 45. a7 Ra8 46. Nd6+ Kc6
47. Nf5 Kb6 48. Nd6 Kc6 49. Nc4 Kb5 50. Kb3 Bc1 51. Nxe5 Be3 52. Rxh7 Bf4 53.
c4+ Kb6 54. Nd3 Be3 55. e5 Re8 56. Ka4 Ra8 57. e6 Re8 58. Rd7 Bg5 59. Rd6+ Kxa7
60. Nxc5 Kb8 61. Na6+ Kc8 62. Rb6 Be7 63. Rb8# 1-0

[Event "AUTO-INT-3872"]
[Site "http://www.queenalice.com/game.php?id=1833978"]
[Date "2024.3.22"]
[Round "1"]
[White "Rocio"]
[Black "SGF"]
[Result "0-1"]
[WhiteElo "1447"]
[BlackElo "1637"]

1. e4 e5 2. h3 Qf6 3. f3 d6 4. Nc3 c6 5. Nge2 Be7 6. d3 Qg6 7. Be3 h5 8. Qd2 a5
9. a3 b5 10. O-O-O b4 11. Nb1 bxa3 12. Nxa3 Nd7 13. Nc3 Ba6 14. Rg1 Nc5 15. h4
Bxh4 16. Bxc5 dxc5 17. Na4 Bg5 18. f4 Bxf4 19. Qxf4 exf4 20. Be2 h4 21. Nxc5 Ne7
22. e5 Qg5 23. Ne4 Qh6 24. Nc4 f3+ 25. Ned2 fxe2 26. Rde1 Bxc4 27. dxc4 Rd8 28.
Rxe2 h3 29. gxh3 Qxh3 30. Nb3 a4 31. Nc5 Qh5 32. Rf2 Qxe5 33. Nxa4 Qe3+ 34. Kb1
Qxf2 35. Rc1 Ra8 36. Nc3 Qf3 37. c5 Rh1 38. Na2 Rxc1+ 39. Nxc1 Nd5 40. b3 Nc3+
41. Kb2 g5 42. b4 Nd1+ 43. Kb1 Qa3 44. c3 Nxc3+ 45. Kc2 Qxb4 46. Nd3 Ra2+ 47.
Kc1 Qb1# 0-1

[Event "AUTO-INT-3872"]
[Site "http://www.queenalice.com/game.php?id=1833984"]
[Date "2024.3.22"]
[Round "1"]
[White "Rocio"]
[Black "johnny"]
[Result "0-1"]
[WhiteElo "1402"]
[BlackElo "1689"]

1. e4 e5 2. a3 Bc5 3. b4 Be7 4. Nf3 Nc6 5. Bc4 Nf6 6. Nc3 O-O 7. Ng5 d5 8. Bb5
Bd7 9. d3 h6 10. Nf3 d4 11. Ne2 Nb8 12. Bc4 b5 13. Bb3 Qc8 14. Ng3 Bg4 15. Qd2
Bxf3 16. gxf3 a6 17. Nf5 Re8 18. Rg1 Nh5 19. Rxg7+ Nxg7 20. Nxh6+ Kh7 21. Nxf7
Qh3 22. Nxe5 Qxh2 23. Bb2 Qxe5 24. Bc1 Bg5 25. Qe2 Nd7 26. f4 Bxf4 27. Qg4 Bxc1
28. Rxc1 Nf6 29. Qh4+ Qh5 30. Qxf6 Qh1+ 31. Kd2 Qh6+ 32. Qxh6+ Kxh6 33. Bf7 Re7
34. Rh1+ Kg5 35. Bd5 Rf8 36. Rg1+ Kh6 37. Rf1 Nh5 38. Bb7 Rf6 39. Ke2 Nf4+ 40.
Kd2 Nh3 41. Rh1 Rxf2+ 42. Ke1 Rxc2 43. Rxh3+ Kg7 44. Kd1 Rc3 45. Ke2 Rxa3 46.
Kd2 Ra2+ 47. Ke1 Ra4 48. Kf2 Rxb4 49. Bxa6 Rb2+ 50. Kf3 b4 51. Rg3+ Kf6 52. Bc8
b3 53. Kf4 Rf2+ 54. Kg4 b2 55. Rg1 Rg7+ 56. Kh3 Rxg1 57. Kh4 Rh2+ 58. Bh3 b1=Q
59. e5+ Kxe5 60. Kh5 Rxh3# 0-1

[Event "Let's Play Chess!"]
[Site "http://www.queenalice.com/game.php?id=1834358"]
[Date "2024.3.31"]
[Round "-"]
[White "ajr"]
[Black "Rocio"]
[Result "1-0"]
[WhiteElo "1723"]
[BlackElo "1433"]

1. d4 d5 2. h3 Nf6 3. a3 Nc6 4. Nf3 Bf5 5. Bg5 Ne4 6. g4 Be6 7. Bf4 h6 8. e3 a6
9. Bd3 Nf6 10. Qd2 g5 11. Ke2 Bg7 12. b4 Qd7 13. Be5 Ne4 14. Bxe4 Bxe5 15. Nxe5
Nxe5 16. dxe5 O-O-O 17. Bf5 Qb5+ 18. Qd3 Bxf5 19. Qxb5 axb5 20. gxf5 d4 21. e4
d3+ 22. cxd3 e6 23. Ke3 exf5 24. exf5 Rd5 25. Ke4 c6 26. d4 f6 27. exf6 Re8+ 28.
Kd3 Rxf5 29. Nd2 Rxf2 30. Rae1 Rf3+ 31. Nxf3 Rf8 32. Re6 Rd8 33. Ke4 c5 34. bxc5
Kd7 35. Rd6+ Kc7 36. Rxd8 Kxd8 37. Rf1 Ke8 38. Re1 Kf7 39. Kf5 b4 40. Re7+ Kf8
41. axb4 g4 42. hxg4 h5 43. g5 h4 44. g6 h3 45. g7+ Kg8 46. Kg6 h2 47. f7# 1-0

[Event "Let's Play Chess!"]
[Site "http://www.queenalice.com/game.php?id=1834359"]
[Date "2024.3.31"]
[Round "-"]
[White "Rocio"]
[Black "ajr"]
[Result "0-1"]
[WhiteElo "1438"]
[BlackElo "1718"]

1. e4 c5 2. Bc4 e6 3. d3 h6 4. h3 a6 5. Nf3 b5 6. Bb3 a5 7. a4 Ba6 8. Nc3 b4 9.
Ne2 g5 10. O-O Bg7 11. Ng3 Ne7 12. Be3 d6 13. Nh5 Bxb2 14. Rb1 Be5 15. c4 Nbc6
16. d4 Bxd4 17. Bxd4 Nxd4 18. Nd2 Nec6 19. Ba2 e5 20. Rc1 O-O 21. Qg4 f5 22.
Nf6+ Qxf6 23. Qh5 f4 24. Rcd1 Kg7 25. Qg4 h5 26. Qxh5 Rh8 27. Qg4 Ra7 28. Rb1
Qe6 29. Qxg5+ Qg6 30. Qxg6+ Kxg6 31. Rbd1 Rf7 32. Nb1 f3 33. g4 Rxh3 34. Rfe1
Ne2+ 35. Rxe2 fxe2 36. Re1 Nd4 37. Kg2 Rff3 38. Rxe2 Nxe2 39. Kf1 Ng3+ 40. Ke1
Rh1+ 41. Kd2 Rxf2+ 42. Ke3 Rxa2 43. Nd2 Ra3+ 44. Kf2 Rh2+ 45. Ke1 Ra1+ 46. Nb1
Rxb1# 0-1

[Event "Escacs 135"]
[Site "http://www.queenalice.com/game.php?id=1834411"]
[Date "2024.4.1"]
[Round "-"]
[White "alterego"]
[Black "Rocio"]
[Result "0-1"]
[WhiteElo "1643"]
[BlackElo "1397"]

1. d4 d5 2. c4 Nf6 3. g3 Bg4 4. Bg2 e6 5. Nf3 Bxf3 6. Bxf3 Bb4+ 7. Bd2 Nc6 8. a3
Bd6 9. c5 Be7 10. b4 h6 11. Nc3 a6 12. O-O O-O 13. Bg2 Nxd4 14. Be3 Nf5 15. Bf4
c6 16. Qc2 Nh5 17. Be5 f6 18. Bd6 Bxd6 19. Rad1 Bc7 20. e4 Ne7 21. exd5 cxd5 22.
Bf3 Nf5 23. Bxh5 d4 24. Qe4 Qe7 25. Ne2 Rad8 26. Nxd4 Nxg3 27. fxg3 f5 28. Qxb7
Rd7 29. Nc6 Qf6 30. Rxd7 Bxg3 31. hxg3 Qg5 32. Bf7+ Kh7 33. Bxe6 Qxg3+ 34. Kh1
h5 35. Bxf5+ Kh6 36. Rg1 Qf3+ 37. Rg2 Qxf5 38. Nd4 Qf1+ 39. Rg1 Qh3# 0-1

[Event "Escacs 136"]
[Site "http://www.queenalice.com/game.php?id=1834412"]
[Date "2024.4.1"]
[Round "-"]
[White "Rocio"]
[Black "alterego"]
[Result "0-1"]
[WhiteElo "1421"]
[BlackElo "1613"]

1. e4 g6 2. a3 Bg7 3. h3 Nf6 4. Bc4 e6 5. d3 a6 6. Bg5 b5 7. Bb3 Bb7 8. Nd2 d5
9. e5 Nbd7 10. exf6 Nxf6 11. Bf4 d4 12. Ne2 Bxg2 13. Rh2 Bb7 14. Ng3 O-O 15. Qe2
c5 16. O-O-O a5 17. Qe5 Nd7 18. Qd6 Ra6 19. Bg5 Qxg5 20. Qxd7 Bc6 21. Qd6 Be5
22. Qxc5 a4 23. Ba2 Qh4 24. Qxe5 b4 25. Bc4 Rb6 26. Qc5 Rfb8 27. axb4 Bd5 28.
Nf3 Qf4+ 29. Kb1 Qxf3 30. Re1 Bxc4 31. Qxc4 Rxb4 32. Qa2 Rxb2+ 33. Qxb2 Rxb2+
34. Kxb2 Qb7+ 35. Kc1 a3 36. Kd2 a2 37. Ne4 Qb4+ 38. Ke2 Qb2 39. Nf6+ Kg7 40.
Ne8+ Kh6 41. Nd6 Qxc2+ 42. Kf1 Qxd3+ 43. Re2 a1=Q+ 44. Kg2 Qxe2 45. Nxf7+ Kh5
46. h4 Qg4# 0-1

[Event "AUTO-INT-3873"]
[Site "http://www.queenalice.com/game.php?id=1834494"]
[Date "2024.4.2"]
[Round "1"]
[White "Rocio"]
[Black "Ruusgugg"]
[Result "1-0"]
[WhiteElo "1401"]
[BlackElo "1298"]

1. e4 g5 2. Bc4 b6 3. Nf3 g4 4. Nd4 d6 5. Bb5+ Nd7 6. Qxg4 Nf6 7. Qe2 a6 8. Bc4
Bb7 9. f3 b5 10. Bd3 c5 11. Nf5 c4 12. e5 Nxe5 13. Be4 Bxe4 14. fxe4 d5 15. d4
Nc6 16. e5 Ne4 17. e6 fxe6 18. Ne3 Nxd4 19. Qh5+ Kd7 20. Qe5 Bh6 21. Qxd4 Qf8
22. Rf1 Qg8 23. Nc3 Bg7 24. Qb6 d4 25. Qb7+ Kd6 26. Nxe4+ Ke5 27. Ng4# 1-0

[Event "AUTO-INT-3873"]
[Site "http://www.queenalice.com/game.php?id=1834496"]
[Date "2024.4.2"]
[Round "1"]
[White "Rocio"]
[Black "game"]
[Result "0-1"]
[WhiteElo "1436"]
[BlackElo "1481"]

1. e4 e5 2. h3 Nc6 3. a3 d6 4. Bb5 Qg5 5. Rh2 Qf4 6. Rh1 Qxe4+ 7. Ne2 Bxh3 8.
Rxh3 Qxg2 9. Rg3 Qh1+ 10. Rg1 Qh2 11. d4 O-O-O 12. Qd3 Nxd4 13. Nxd4 Qxg1+ 14.
Kd2 exd4 15. Qxd4 h5 16. Qxa7 Qg5+ 17. Qe3 Qxb5 18. Nc3 Qf1 19. Na4 g6 20. b4
Bh6 21. Bb2 Bxe3+ 22. Kxe3 Qh3+ 23. f3 Re8+ 24. Kd3 Qxf3+ 25. Kc4 Qc6+ 26. Kb3
b5 27. Nc3 Qc4# 0-1

[Event "AUTO-INT-3873"]
[Site "http://www.queenalice.com/game.php?id=1834497"]
[Date "2024.4.2"]
[Round "1"]
[White "game"]
[Black "Rocio"]
[Result "1-0"]
[WhiteElo "1491"]
[BlackElo "1415"]

1. e4 e5 2. Nf3 Nc6 3. d4 h6 4. Nxe5 Nxe5 5. dxe5 Qe7 6. Bb5 c6 7. Bc4 Qb4+ 8.
Nd2 Bc5 9. Qf3 Kd8 10. Qxf7 Ne7 11. Qxg7 Re8 12. Bf7 Rg8 13. Bxg8 Qd4 14. O-O h5
15. Nb3 Qb4 16. Nxc5 Qxc5 17. Bg5 Kc7 18. Bxe7 Qxc2 19. Bd6+ Kb6 20. b4 Qxe4 21.
a4 a5 22. b5 cxb5 23. Rfc1 Ka6 24. axb5+ Kxb5 25. Bc4+ Kb6 26. Rab1+ Ka7 27.
Bc5+ b6 28. Bxb6+ Kb7 29. Qf7 Qxe5 30. Bd5+ Ka6 31. Bxa8 Qb8 32. Qc4# 1-0

[Event "AUTO-INT-3873"]
[Site "http://www.queenalice.com/game.php?id=1834498"]
[Date "2024.4.2"]
[Round "1"]
[White "Rocio"]
[Black "Carlos19"]
[Result "0-1"]
[WhiteElo "1423"]
[BlackElo "1680"]

1. e4 e5 2. Bc4 Nf6 3. d3 Bc5 4. Qe2 O-O 5. h3 d6 6. Bg5 h6 7. Bxf6 Qxf6 8. Kd1
Bxf2 9. Nf3 Bb6 10. Nc3 c6 11. a3 a5 12. Na4 Ba7 13. Kd2 b5 14. Nc3 bxc4 15.
dxc4 Qf4+ 16. Ke1 Nd7 17. Nd1 Nc5 18. Ne3 Nxe4 19. Rd1 Ng3 20. Qd3 Qxe3+ 21.
Qxe3 Bxe3 22. Rd3 Bc1 23. Rg1 Bxb2 24. Kf2 Ne4+ 25. Ke2 Nc3+ 26. Kd2 e4 27. Rxc3
Bxc3+ 28. Kxc3 exf3 29. gxf3 Bxh3 30. Rg3 Be6 31. Kd4 f5 32. c3 Rab8 33. Rg6 Rf6
34. Rg2 Rb3 35. c5 dxc5+ 36. Kxc5 Rxc3+ 37. Kb6 Bd5 38. Kxa5 Rxa3+ 39. Kb4 Rxf3
40. Ra2 Bxa2 41. Kc5 g5 42. Kd4 Rf4+ 43. Kc5 g4 44. Kb6 g3 45. Kc5 g2 46. Kb6
g1=Q+ 47. Kc7 Qa7+ 48. Kd8 Rf8# 0-1

[Event "AUTO-INT-3873"]
[Site "http://www.queenalice.com/game.php?id=1834499"]
[Date "2024.4.2"]
[Round "1"]
[White "Carlos19"]
[Black "Rocio"]
[Result "1-0"]
[WhiteElo "1651"]
[BlackElo "1422"]

1. e4 e5 2. Nf3 d6 3. Bc4 Qe7 4. Nc3 a6 5. O-O Qf6 6. Nd5 Qd8 7. b4 Be6 8. d3 c6
9. Nc3 h6 10. Bxe6 fxe6 11. a4 Nf6 12. a5 g5 13. h4 g4 14. Nh2 Rg8 15. g3 d5 16.
exd5 cxd5 17. Ba3 Nc6 18. f3 e4 19. fxe4 Nd4 20. e5 Nh5 21. Qe1 Nxc2 22. Qf2 Bc5
23. bxc5 Nxa1 24. Qf7# 1-0

[Event "Escacs 139"]
[Site "http://www.queenalice.com/game.php?id=1835170"]
[Date "2024.4.15"]
[Round "-"]
[White "alterego"]
[Black "Rocio"]
[Result "0-1"]
[WhiteElo "1627"]
[BlackElo "1413"]

1. d4 d6 2. g3 Nf6 3. Nf3 Bf5 4. Bg2 Ne4 5. a3 Nc6 6. b4 g6 7. c4 Bg7 8. d5 Nb8
9. O-O h5 10. Nd4 Bg4 11. Bxe4 Nd7 12. f3 Bh3 13. Re1 Nf6 14. Bd3 h4 15. Bf4
hxg3 16. Bxg3 Nh5 17. Bh4 Bxd4+ 18. Kh1 Nf4 19. Ra2 Bg2# 0-1